1653 1698 1384 1199 1943 1799 1932 1720 1333 1179 1194 1052 1117 1034 1633 1405 1503 1477 1202 1675 1553 1884 1131 1310 1465 1610 1771 1100 1832 1796 1723 1750 1305 1113 1903 1652 1262 1940 1138 1859 1739 1264 1130 1397 1499 1426 1394 1447 1402 1206 1349 1760 1395 1003 1950 1137 1330 1197 1766 1422 1788 1486 1022 1882 1494 1729 1948 1453 1188 1876 1320 1826 1415 1110 1619 1446 1380 1589 1867 1828 1560 1203 1045 1850 1114 1370 1739 1084 1220 1335 1727 1245 1715 1509 1305 1943 1893 1373 1803 BCNSPRNW ULIB Ver.6.0+V

เปลี่ยนเป็นภาษาไทย

Change to English
 แสดงรายละเอียดบรรณานุกรม
  กลับหน้าหลัก

Brief Record : Get Marc (ISO 2709) : E-mail record : QR code < ปิดหน้าต่าง
LEADER : 00000nam 2200000uu 4500
001    13399110887
003     ULIB
008    110613s||||||||th 000 0 tha d
020    9748679241(ล.6)
050  4 AC158^bF111D ล.6 2005
100 0  Frugis, Sergio
245    ดิสนีย์ส (Disney s) โลกมหัศจรรย์ : นก ปลา และแมลง/ ^cผู้แปลและเรียบเรียง ศูนย์การแปล คณะอักษณศาสตร์ จุฬาลงกรณ์มหาวิทยาลัย ; บรรณาธิการ ชาญศักดิ์ พงษ์สุวรรณ
260    กรุงเทพฯ : ^bโกเลียร์อินเตอร์เนชั่นแนล, ^c2005
300    20 เล่ม : ^bภาพประกอบ ; ^c26 ซม.
592    Buddhist era
650  7 ความรู้ทั่วไป
650  7 นก
650  7 ปลา
650  7 แมลง
700    ชาญศักดิ์ พงษ์สุวรรณ, ^eบรรณาธิการ
710    จุฬาลงกรณ์มหาวิทยาลัย. ^bคณะอักษรศาสตร์. ^bศูนย์การแปล
945    ^p850^l0^i023020
995    ทศพร
999 ^a ใช้งานได้ทุกระบบ
รายการนี้ยังไม่มีแท็ก
คุณยังไม่ได้ล็อกอิน คุณสามารถมีกิจกรรมร่วมกับเว็บไซต์ได้ แต่ต้องล็อกอินก่อน ::
  ล็อกอิน

รายการสื่อสารสนเทศ

ลำดับที่ ประเภท เลขเรียก/บาร์โค้ด สถานที่ สถานะ
- ไม่พบข้อมูล -

รายการใกล้เคียง
    ผู้แต่ง [Frugis, Sergio]

    หัวเรื่อง [ความรู้ทั่วไป]
    หัวเรื่อง [นก]
    หัวเรื่อง [ปลา]
    หัวเรื่อง [แมลง]

BibComment


ยังไม่เคยถูกคอมเมนท์

คอมเมนท์ทรัพยากรรายการนี้
  คอมเมนท์: ดิสนีย์ส Disney s..


 Copyright 2026. Bcnsprnw @Library